Southville International School and Colleges
Your cart is empty.
  • Cart
  • Lists
    Public lists Eva Luna New books Lux_list list_1
    Your lists Log in to create your own lists
  • Log in to your account
  • Your cookies
  • Search history
Southville International School and Colleges
  • Advanced search
  • Recent comments
  • Most popular
  • Libraries

Log in to your account

Log in with GOOGLE


If you do not have an external account, but do have a local account, you can still log in:

  1. Home
  2. MARC view: Great unsolved mysteries of science /
Normal view MARC view ISBD view

Great unsolved mysteries of science / (Record no. 42299)

[ view plain ]
MARC details
000 -LEADER
fixed length control field 00470nam a22001817a 4500
003 - CONTROL NUMBER IDENTIFIER
control field OSt
005 - DATE AND TIME OF LATEST TRANSACTION
control field 20140311163152.0
008 - FIXED-LENGTH DATA ELEMENTS--GENERAL INFORMATION
fixed length control field 140221t xxu||||| |||| 00| 0 eng d
020 ## - INTERNATIONAL STANDARD BOOK NUMBER
International Standard Book Number 1558702911
050 ## - LIBRARY OF CONGRESS CALL NUMBER
Classification number Q 173
Item number .L918 1993
245 ## - TITLE STATEMENT
Title Great unsolved mysteries of science /
260 ## - PUBLICATION, DISTRIBUTION, ETC. (IMPRINT)
Place of publication, distribution, etc Ohio :
Name of publisher, distributor, etc F&W Publiction,
Date of publication, distribution, etc 1993.
300 ## - PHYSICAL DESCRIPTION
Extent 190 p. :
Dimensions 25 cm.
500 ## - GENERAL NOTE
General note Includes Index.
650 ## - SUBJECT ADDED ENTRY--TOPICAL TERM
Topical term or geographic name as entry element Science
General subdivision Miscellanea.
9 (RLIN) 30524
942 ## - ADDED ENTRY ELEMENTS (KOHA)
Source of classification or shelving scheme Library of Congress Classification
Koha item type
Holdings
Withdrawn status Lost status Source of classification or shelving scheme Damaged status Home library Current library Shelving location Date acquired Total Checkouts Full call number Barcode Date last seen Copy number Price effective from Koha item type
    Library of Congress Classification   Luxembourg Library Luxembourg Library High School Section 02/21/2014   Q 173 .L918 1993 4887 05/27/2015 1 02/21/2014 Books

Great unsolved mysteries of science /

APA

(1993). Great unsolved mysteries of science. Ohio: F&W Publiction.

Chicago

1993. Great unsolved mysteries of science. Ohio: F&W Publiction.

Harvard

(1993). Great unsolved mysteries of science. Ohio: F&W Publiction.

MLA

Great unsolved mysteries of science. Ohio: F&W Publiction. 1993.

  • Place hold
  • Print
  • Cite
  • Add to your cart (remove)
  • Save record
    BIBTEX Dublin Core MARCXML MARC (non-Unicode/MARC-8) MARC (Unicode/UTF-8) MARC (Unicode/UTF-8, Standard) MODS (XML) RIS
  • More searches
    Search for this title in:
    Other Libraries (WorldCat) Other Databases (Google Scholar) Online Stores (Bookfinder.com) Open Library (openlibrary.org)

Exporting to Dublin Core...

SOUTHVILLE LIBRARY

Southville International School and Colleges Library

1281 Tropical Ave. Cor. Luxembourg St., BF Homes International, Las Pinas City

Tel. No. 8256374 / 252358 Loc. 117/146

Powered by Koha